| 000 | 16309nam a22011057a 4500 | ||
|---|---|---|---|
| 005 | 20101206113148.0 | ||
| 010 | _aHIN-91381-83 B-432826-888 | ||
| 020 |
_c400.00 _a8170163056 |
||
| 020 |
_c400.00 _a8170163064 |
||
| 020 |
_c400.00 _a8170163072 |
||
| 020 |
_c1200.00 (तीन खंडो का) _a8170163048 (तीन खंडों का संयुक्त) |
||
| 035 | _aHN-63727-29 | ||
| 035 | _aB-432826-888 | ||
| 037 | _bDBAD/PUB | ||
| 037 | _bबल्यू बैरी | ||
| 082 | _a921 | ||
| 100 |
_aशर्मा, रामविलास _929505 |
||
| 245 |
_aअपनी धरती अपने लोग / _cरामविलास शर्मा |
||
| 246 |
_aapni dharti apne Log: Munder per suraj _bby Ram Vilas Sharma |
||
| 260 |
_aनई दिल्ली _bकिताबघर प्रकाशन _c2010 |
||
| 270 |
_bनई दिल्ली _a4855-56/24, अंसारी रोड, दरियागंज _e110002 |
||
| 300 |
_a3 भाग(256पृ.;252पृ;394पृ) _c22सेमी (सजिल्द) _bसचित्र |
||
| 500 | _a3 भागों में प्रकाशित | ||
| 505 | _aभाग-1 मुँडेर पर सूरज; भाग-2 देव सबेर; भाग-3 आपस की बातें | ||
| 700 | _924599 | ||
| 700 | _924924 | ||
| 942 |
_2ddc _cHN _mशर्मारा _h921 |
||
| 999 |
_c49478 _d49478 |
||